Edgar Hennecke New Testament Apocrypha: Volume Two: Writings Related to The Apostles; Apocalypses and Related Subjects (Record no. 20924)

MARC details
000 -LEADER
fixed length control field 00389nam a22001217a 4500
082 ## - DEWEY DECIMAL CLASSIFICATION NUMBER
Classification number 229 SCH1 V2
100 ## - MAIN ENTRY--AUTHOR NAME
Author name Schneemelcher, Wilhelm
245 ## - TITLE STATEMENT
Title Edgar Hennecke New Testament Apocrypha: Volume Two: Writings Related to The Apostles; Apocalypses and Related Subjects
260 ## - PUBLICATION, DISTRIBUTION, ETC. (IMPRINT)
Place of publication Philadelphia
Name of publisher The Westminster Press
Year of publication 1964
300 ## - PHYSICAL DESCRIPTION
Number of Pages 851
650 ## - SUBJECT ADDED ENTRY--TOPICAL TERM
Topical Term Apocryphal Gospels
942 ## - ADDED ENTRY ELEMENTS (KOHA)
Koha item type Books
Holdings
Home library Current library Shelving location Date acquired Source of acquisition Full call number Accession Number Koha item type
Henry Martyn Institute Library Henry Martyn Institute Library General stacks 11/30/2004 Dr. Schichk 229 SCH1 V2 11-1636 Books
                   Copyright © 2026 | Henry Martyn Institute | Hyderabad | TS-500052 | INDIA | Implemented by hmi.edu.in
Hit-Count:

Powered by Koha